000
00275nam a22001217a 4500
008
170619b xxu||||| |||| 00| 0 eng d
041
_a
eng
080
_a
94
100
_a
18
101
_a
SHH
245
_a
THE HEALTH REVOLUTION IN CUBA
_c
BRIQUEST.S.D
942
_2
udc
_c
BK
999
_c
18133
_d
18133